| 000 | 00508 a2200169 4500 | ||
|---|---|---|---|
| 003 | NUST | ||
| 005 | 20251022114656.0 | ||
| 040 | _cNust | ||
| 082 | _a621.382,VIQ | ||
| 100 |
_aViqar , NC Sara (TE-42) _9131401 |
||
| 245 |
_aEmulation of cooperative communication system on DSP boards / _cNC Sara Viqar, NC Hina Rubab, NC Sadia Zulfiqar and NC Sara Masood (TE-42) |
||
| 260 |
_aRawalpindi _bMCS _c2009 |
||
| 300 | _a90 :p, | ||
| 650 |
_aUG Projects _998716 |
||
| 651 |
_aTE-42 _9131402 |
||
| 942 |
_cPR _2ddc |
||
| 999 |
_c183543 _d183543 |
||